| 000 | 01307nam a2200277Ia 4500 | ||
|---|---|---|---|
| 001 | 19934 | ||
| 003 | DO-CoUTE | ||
| 005 | 20260204212507.0 | ||
| 008 | 220102s9999 dr 000 0 spa d | ||
| 040 |
_aDO-CoUTE _bspa _cDO-CoUTE |
||
| 041 | 0 | _aspa | |
| 090 | _aEDU-BQ 2019 P17 | ||
| 100 | 1 |
_aParedes Ferreira, Esmarlin _esustentante |
|
| 245 | 1 | 0 | _aEstrategias docentes en el uso de los reactivos de los laboratorios de Química y Biología, Distrito Educativo 16-07 / Esmarlin Paredes Ferreira, Maridalia Cuello Rodríguez, Gleysi María Hernández Santos. ; asesor Ana Mercedes Rodríguez |
| 260 |
_aCotuí, República Dominicana : _bUTECO, _c2019 |
||
| 300 |
_a77 hojas : _bIlustraciones ; _c28cm. |
||
| 502 | _aTrabajo de grado (Licenciatura en Educación, Mención Biología y Química )--Universidad Tecnológica del Cibao Oriental, 2019 | ||
| 504 | _aIncluye referencia bibliográfica e índice | ||
| 650 | 4 | _aEstrategias docentes en el uso de los reactivos de los laboratorios | |
| 700 | 1 |
_aCuello Rodríguez, Maridalia _esustentante |
|
| 700 | 1 |
_aHernández Santos, Gleysi María _esustentante |
|
| 830 | 0 | _aTesis y disertaciones académicas (Universidad Tecnológica del Cibao Oriental) | |
| 942 |
_2LC _cTH |
||
| 999 |
_c19696 _d19696 |
||